000
00320 a2200157 4500
001
170239
020
_a
040
_c
Magnum
100
_a
Barbosa, Jacqueline Peixoto
240
1
0
_a
Narrativa de enigma
_l
por
245
1
0
_a
Narrativa de enigma
362
0
_a
1899
440
1
_a
FTD
697
_a
GERAL
942
_c
BK
999
_c
170239
_d
170239